000
00208 a2200097 4500
001
37906
100
_a
Gala D
245
_a
Incurable diseases
260
_a
India
_b
Navneet Pub
_c
1996
090
_c
24090
_d
24090
942
_a
NUST-CAE
_c
M
_c
15659
999
_c
272979
_d
272979